Fashion Brands - Statistics

General Stats
  • This quiz has been taken 225 times
  • The average score is 11 of 16
Answer Stats
Picture Answer % Correct
Louis Vuitton
99%
Gucci
98%
Chanel
97%
Yves Saint Laurent
93%
Hermès
90%
Dolce and Gabbana
85%
Versace
84%
Dior
83%
Fendi
82%
Givenchy
55%
Vivienne Westwood
55%
Burberry
43%
Tiffany and Co
42%
Balenciaga
33%
Giorgio Armani
30%
Cartier
19%
No matching quizzes found
Score Distribution
Percent of People with Each Score
Percentile by Number Answered
Your Score History
You have not taken this quiz